| 000 | 00352nam a22001337a 4500 | ||
|---|---|---|---|
| 020 | _a0-471-08213-2 | ||
| 082 | _a621.3678 LIL'R | ||
| 100 |
_aKIEFER, RALPH W,LILLESAND, THOMAS M _974981 |
||
| 245 | _aREMOVE SENSING AND IMAGE INTERPRETATION | ||
| 260 |
_aNEWYORK _bJOHN WILEY _c1979 |
||
| 300 | _a612P | ||
| 650 |
_aREMOTE SENSING _96206 |
||
| 942 | _cBK | ||
| 999 |
_c580482 _d580482 |
||